Τουριστική γεωγραφία : Ασία
Saved in:
| Main Author: | |
|---|---|
| Format: | Book |
| Language: | Greek |
| Published: |
Αθήνα :
Σταμούλης,
c2000
|
| Subjects: | |
| Tags: |
Add Tag
No Tags, Be the first to tag this record!
|
MARC
| LEADER | 00000cam a2200000 i 4500 | ||
|---|---|---|---|
| 001 | 1/54573 | ||
| 008 | 040513s2000 gre d | ||
| 020 | |a 960-351-322-9 | ||
| 035 | |l 10073284 | ||
| 040 | |a GR-MY-UA |b gre |e aacr | ||
| 041 | 0 | |a gre | |
| 082 | 0 | |a 338.4791095 | |
| 100 | 1 | |a Μοίρα-Μυλωνοπούλου, Πολυξένη, |d 1960- | |
| 245 | 1 | 0 | |a Τουριστική γεωγραφία : |b Ασία / |c Πολυξένη Μοίρα-Μυλωνοπούλου |
| 260 | |a Αθήνα : |b Σταμούλης, |c c2000 | ||
| 300 | |a 284 σ.; |b φωτ., χαρτ.; |c 24 εκ. | ||
| 500 | |a Περιλαμβάνει βιβλιογραφία | ||
| 650 | 0 | 0 | |a Tourism |z Asia. |
| 852 | |a INST |b CHIOS |e 20040513 |h 338.4791095 ΜΟΙ |p 005200023242 |q 005200023242 |t BK |y 0 | ||
| 901 | |a BIBL2-2003-3 | ||
| 909 | |a Χ |b 108956 | ||
| 970 | |a ΧΑΖΙΡΗ |b ΑΝΝΑ |z 2003/12/06 | ||